书目信息 |
| 题名: |
大漠之绿
|
|
| 作者: | 刘家琼 , 丘名信 , 刘金祥 编著 | |
| 分册: | ||
| 出版信息: | 北京 化学工业出版社 2003.04 |
|
| 页数: | 168页 | |
| 开本: | 20cm | |
| 丛书名: | ||
| 单 册: | ||
| 中图分类: | Q948.44-49 | |
| 科图分类: | ||
| 主题词: | 植物生态学 , 植物地理学 | |
| 电子资源: | ||
| ISBN: | 7-5025-4363-5 | |
| 000 | 00691nam0 2200229 45 | |
| 001 | 0440083185 | |
| 005 | 2004042811080149 | |
| 010 | @a7-5025-4363-5@dCNY 14.00 | |
| 100 | @a20040428d2003 km y0chiy0120 ea | |
| 101 | 0 | @achi |
| 102 | @aCN@b110000 | |
| 200 | 1 | @a大漠之绿@ADa Mo Zhi Lu@f刘家琼,丘名信,刘金祥编著@Fliu jia qiong,qiu ming xin,liu jin xiang bian zhu |
| 210 | @a北京@c化学工业出版社@d2003.04 | |
| 215 | @a168页@d20cm | |
| 606 | 0 | @a植物生态学 |
| 606 | 0 | @a植物地理学 |
| 690 | @aQ948.44-49@v3 | |
| 701 | 0 | @a刘家琼@Aliu jia qiong@4编著 |
| 701 | 0 | @a丘名信@Aqiu ming xin@4编著 |
| 701 | 0 | @a刘金祥@Aliu jin xiang@4编著 |
| 801 | 0 | @aCN@bPFT@c20040428 |
| 905 | @dQ948.44-49@eL630 | |
| 大漠之绿/刘家琼,丘名信,刘金祥编著.-北京:化学工业出版社,2003.04 |
| 168页;20cm |
| ISBN 7-5025-4363-5:CNY 14.00 |
| ● |
| 相关链接 |
|
|
|
正题名:大漠之绿
索取号:Q948.44-49/L630
 
预约/预借
| 序号 | 登录号 | 条形码 | 馆藏地/架位号 | 状态 | 备注 |
| 1 | 391604 | 203916049 | 生命科学与工程学院资料室/ [索取号:Q948.44-49/L630] | 在馆 | |
| 2 | 391605 | 203916058 | 生命科学与工程学院资料室/ [索取号:Q948.44-49/L630] | 在馆 | |
| 3 | 391606 | 203916067 | 生命科学与工程学院资料室/ [索取号:Q948.44-49/L630] | 在馆 |